000 00577nam a2200157 a 4500
001 000034674
005 20200930073831.0
008 111017s1585 dr 000 0 spa d
040 _aDO-SdBNP
_bspa
_cBNPHU
245 0 0 _aDecretvm gratiani :
_bemendatvm et notationibvs /
_cillvstratvm vnĂ  cum glossis Gregorii XIII Pont. Max. ijju editvm adexemplar romanvm diligenter recognitum.
260 _aParisiis :
_bCVM Licentia,
_c1585.
300 _a2545, 85 p. ;
_c36 x 22 cm.
500 _aTexto a dos columnas
700 1 2 _aGregorio
_bXIII
_cPapa,
_d1502-1585,
_960107
049 _aBNPD
999 _c34165
_d34165